000 00231nam a2200097Ia 4500
008 190216s9999||||xx |||||||||||||| ||und||
100 _aStarling Sg&Amp; Woodwell At
245 0 _aPhysics
260 _bLongman &green &co
942 _cBK
999 _c32645
_d32645